[Event "36th Balaton GM 2018"]
[Site "Balatonlelle"]
[Date "2018.06.16"]
[Round "5"]
[White "Horvath, Dominik"]
[Black "Fernandez, Daniel Howard"]
[Result "1-0"]
[WhiteElo "2433"]
[BlackElo "2485"]
[Annotator "TA"]
[PlyCount "69"]
[EventDate "2018.06.12"]
[EventType "swiss"]
[EventCountry "HUN"]
[SourceTitle "playchess.com"]
[Source "ChessBase"]
[SourceQuality "1"]

{[%evp 10,68,82,72,105,90,100,60,77,64,75,55,50,64,87,84,105,84,84,89,118,0,108,0,141,0,137,144,251,273,257,272,247,218,220,198,379,379,357,371,356,327,329,331,324,309,307,302,1155,1155,1733,1731,29995,1057,1049,762,1039,1002,29983,29984,29999]} 1. Nf3 b5 2. e4 Bb7 3. Bxb5 Bxe4 4. O-O Nf6 5. d4 e6 6. c4 {LiveBook: 89 Games} Bg6 $146 {A40: Unusual replies to 1 d4} ({Predecessor:} 6... Be7 7. Nc3 Bb7 8. d5 O-O 9. Bf4 Na6 10. Re1 Qc8 11. Nd4 Bb4 12. Bg5 Ne8 13. Re3 c6 14. Bxa6 Bxa6 {1-0 (28) Kramnik,V (2791)-Carlsen,M (2823) Moscow 2011}) 7. Nc3 Bb4 8. Ne2 O-O {White is slightly better.} 9. Nf4 Be4 10. c5 c6 11. Bd3 {Threatens to win with Qb3.} Bxf3 12. Qxf3 d5 13. Bc2 Ba5 14. Nd3 Ne4 15. Nf4 Nf6 $1 16. Nd3 Ne4 $1 17. Nf4 (17. Qh3 $16) 17... e5 (17... Nf6 $1 $11) 18. dxe5 $16 Nxc5 (18... Nd7 $16 {keeps fighting.}) 19. Nh5 $18 Nbd7 {[#]} 20. Nxg7 $1 {[%mdl 512]} Nxe5 (20... Kxg7 21. Bh6+) 21. Qh5 {[%csl Gc2][%cal Rh5h7]} Ng6 22. Nf5 $40 {[%mdl 128] White has strong attack.} Ne4 $2 (22... Ne6 {is a better defense.} 23. Bh6 Re8) 23. Bxe4 dxe4 24. Rd1 Qc7 25. Bh6 Rfe8 26. Bg5 Re6 27. Nh6+ Kg7 28. Ng4 ({Don't play} 28. Nf5+ $6 Kh8 $18) 28... Nf8 $2 (28... Bb4 29. Nf6 Rxf6) 29. Qh4 {Intending Bf6+ and mate.} h5 30. Bf6+ Kg8 31. Qxh5 (31. Qg5+ $142 Ng6 32. Qh6 Qxh2+ 33. Kxh2 Bc7+ 34. Kh1 hxg4 35. Qg7#) 31... Nh7 32. Nh6+ {[%cal Bg4h6,Bh6f5,Bf5g7][%mdl 32]} Kf8 33. Qc5+ Ke8 {[#]} 34. Nf5 $1 {[%cal Rf5g7]} Nxf6 35. Ng7# {Precision: White = 66%, Black = 38%.} 1-0

[Event "36th Balaton GM 2018"]
[Site "Balatonlelle"]
[Date "2018.06.16"]
[Round "5"]
[White "Czebe, Attila"]
[Black "Varga, Zoltan"]
[Result "1/2-1/2"]
[WhiteElo "2419"]
[BlackElo "2470"]
[Annotator "TA"]
[PlyCount "34"]
[EventDate "2018.06.12"]
[EventType "swiss"]
[EventCountry "HUN"]
[SourceTitle "playchess.com"]
[Source "ChessBase"]
[SourceQuality "1"]

{[%evp 15,34,11,9,0,0,0,0,-24,-4,-18,-16,-24,-10,-45,-37,-62,-41,-89,-84,-91,-100]} 1. e4 c6 2. d4 d5 3. e5 Bf5 4. Nf3 e6 5. Be2 h6 6. O-O Nd7 7. c4 dxc4 {B12: Caro-Kann: Advance Variation} 8. Bxc4 Nb6 {LiveBook: 3 Games} (8... Ne7 9. Nc3 Nb6 10. Bb3 Ned5 11. Re1 Be7 12. Ne4 O-O 13. Ng3 Bg6 14. Bc2 Qe8 15. h4 {½-½ (45) Lavrov,M (2369)-Bocharov,D (2574) Minsk 2017}) 9. Be2 Ne7 {The position is equal.} 10. Nc3 Ned5 11. Be3 Be7 12. h3 $146 ({Predecessor:} 12. Bd3 Bxd3 13. Qxd3 O-O 14. Rfd1 Nxe3 15. fxe3 {½-½ (45) Sang,T (2302)-Koons,N (2262) Seattle 2014}) 12... O-O 13. Re1 Qd7 14. Bf1 Rfd8 $36 {[%mdl 2048] Black is pushing.} 15. a3 Rac8 16. Nd2 Nxc3 17. bxc3 c5 {Precision: White =  4%, Black = 62%.} 1/2-1/2

[Event "36th Balaton GM 2018"]
[Site "Balatonlelle"]
[Date "2018.06.16"]
[Round "5"]
[White "Akshat, Khamparia"]
[Black "Li, Bo"]
[Result "0-1"]
[WhiteElo "2403"]
[BlackElo "2333"]
[Annotator "TA"]
[PlyCount "160"]
[EventDate "2018.06.12"]
[EventType "swiss"]
[EventCountry "HUN"]
[SourceTitle "playchess.com"]
[Source "ChessBase"]
[SourceQuality "1"]

{[%evp 25,160,21,31,20,17,17,26,0,0,0,0,0,0,-15,-8,-32,-15,-22,-13,-22,0,0,0,0,0,0,0,0,0,-11,0,0,27,25,25,0,0,0,0,0,0,0,0,0,0,-8,-8,-8,-7,-11,-8,-8,-8,-8,-8,-93,-101,-204,-133,-283,-268,-498,-498,-519,-114,-114,-107,-121,-114,-127,-66,-156,-116,-67,0,-68,-14,-14,-14,-14,-14,-14,-14,-14,-14,-14,-14,-68,-68,-68,-68,-68,-14,-14,-14,-68,-14,-68,-68,-29951,-29948,-29952,-29956,-29957,-29958,-29958,-29958,-29957,-8,-8,-8,-8,-8,-8,-8,-8,-8,-29962,-29964,-29970,-29971,-29971,-29972,-29972,-29973,-29972,-29974,-29973,-29975,-29973,-29974,-29971,-12802,-29975,-5069,-5065,-4618]} 1. d4 Nf6 2. c4 e6 3. Nc3 d5 4. cxd5 exd5 5. Bg5 Be7 6. e3 c6 7. Bd3 Nbd7 8. h3 O-O 9. Qc2 Re8 10. Nf3 Nf8 11. O-O Ne4 12. Bf4 Ng5 {D36: Queen's Gambit Declined: Exchange Variation: Main line (5 Bg5 c6 6 Qc2)} (12... Nxc3 13. bxc3 Bd6 14. Bxd6 Qxd6 15. c4 dxc4 16. Bxc4 Be6 17. Rab1 Bxc4 18. Qxc4 b5 19. Qb4 Qxb4 20. Rxb4 Nd7 21. Rc1 a5 {1-0 (71) Vardan,N (2446)-Saptarshi,R (2476) Novi Sad 2018}) 13. Bxg5 Bxg5 {LiveBook: 27 Games} 14. Nxg5 Qxg5 {The position is equal.} 15. f4 Qf6 $146 ({Predecessor:} 15... Qh6 16. Rae1 Qh4 17. Qf2 Qxf2+ 18. Kxf2 Ng6 19. f5 Ne7 20. g4 Kf8 21. Kg3 Ng8 {1-0 (107) Murzin,L (2142)-Khlopushin,D (1724) Kazan 2015}) 16. Rae1 b6 17. f5 Bb7 18. Qf2 c5 19. Ne2 Nd7 20. Nf4 Qd6 21. Nh5 Nf6 22. Qf4 Rad8 (22... Qc6 {keeps more tension.} 23. Nxf6+ Qxf6 24. b3 Rac8 25. Rc1 h6) 23. Qxd6 Rxd6 24. Nxf6+ Rxf6 25. b3 g5 26. fxg6 Rxf1+ 27. Rxf1 (27. Kxf1 {is interesting.} fxg6 28. Kf2 Rc8 29. dxc5 bxc5 30. e4) 27... hxg6 $11 {[%mdl 4096] Endgame KRB-KRB} 28. Kf2 c4 29. bxc4 Ba6 $1 30. Be2 Bxc4 31. Rc1 b5 32. Bxc4 dxc4 {KR-KR} 33. a4 a6 34. axb5 axb5 35. Rb1 Rb8 $1 36. Ke2 Kf8 37. e4 Ke7 38. Kd2 b4 39. Rc1 Rc8 40. Kc2 (40. h4 $11) 40... Rd8 41. Rd1 (41. Rb1 $17) 41... Ke6 42. g4 (42. Rb1 $17) 42... g5 $1 $19 43. Kb2 $2 (43. Rb1 Rxd4 44. Rxb4) 43... f6 44. Kc2 Rh8 $2 (44... Ra8 $19 {has better winning chances.} 45. Rb1 Ra4) 45. Rb1 $17 Rb8 46. Ra1 Rb6 $1 47. Kd2 Kd7 (47... Ke7 $17) 48. Rc1 (48. Ra7+ $1 $15 Kc6 49. Ra5) 48... Rc6 $1 49. Kc2 Re6 (49... Ke7 $15) 50. Rb1 (50. Kd1 $11) 50... Rxe4 (50... Rb6 $1 $15) 51. Rxb4 $11 Rxd4 {With the idea ...Kc6.} 52. Kc3 Rd3+ 53. Kxc4 Rxh3 {Hoping for ...Kd6.} 54. Kd5 $1 Re3 55. Rb7+ Ke8 56. Rb4 (56. Kd4 $11 Re1 57. Rb6) 56... Kf7 $1 $15 57. Rb7+ Kg6 {Threatens to win with ...Rd3+.} 58. Rb4 $1 Re5+ (58... Ra3 $15) 59. Kd4 $11 Re6 60. Kd5 ({White should try} 60. Rb8 $11) 60... Kf7 ({Black should play} 60... Re3 $15) 61. Rb7+ ({Better is} 61. Kd4 $11) 61... Re7 $15 62. Rb4 $2 {[%mdl 8192] [#]} (62. Rb6 $15) 62... f5 $1 {[%cal Rf5g4][%mdl 512]} 63. gxf5 Kf6 64. Rb1 Kxf5 65. Rf1+ Kg6 66. Rg1 Rf7 $2 (66... Re3 {mates} 67. Kd4 Rh3 68. Ke4 Kh5 69. Rb1 g4 70. Rf1 Kh4 71. Kf4 Rh2 72. Rg1 Rf2+ 73. Ke3 g3 74. Ra1 Rf7 75. Ra2 Kh3 76. Ra6 g2 77. Rh6+ Kg3 78. Rg6+ Kh2 79. Rh6+ Kg1 80. Ke2 Re7+ 81. Kd2 Re4 82. Kd3 Kf2 $1 {[%mdl 512]} 83. Kxe4 g1=Q 84. Rf6+ Ke2 85. Rd6 Qg4+ 86. Ke5 Ke3 87. Rd5 Qf4+ 88. Ke6 Ke4 89. Ra5 Qg4+ 90. Kd6 Qd1+ 91. Kc6 Qb3 92. Rc5 Kd4 93. Rc1 Qa4+ 94. Kb6 Kd5 95. Rh1 Qb4+ 96. Kc7 Qe7+ 97. Kb6 Qb4+ 98. Kc7 Qe7+ 99. Kb6 Qb4+) 67. Ke4 $1 $11 Rf4+ 68. Ke3 $1 Kh5 69. Rh1+ Kg4 {And now ...Rf3+ would win.} 70. Rg1+ $1 Kf5 {aiming for ...g4.} 71. Ke2 $2 {[%mdl 8192]} (71. Rb1 $11) 71... g4 {[%cal Bg5g4,Bg4g3,Bg3g2][%mdl 32]} 72. Rf1 g3 73. Rh1 Kg4 74. Rh8 g2 75. Rg8+ Kh3 76. Rh8+ Kg3 77. Rg8+ Kh2 78. Rh8+ Kg1 79. Ke3 Rf7 (79... Rf2 $142 80. Rd8 Rf7 81. Rc8 Rh7 82. Rg8 Kh2 83. Kf2 {[#]} g1=Q+ $1 {[%mdl 512]} 84. Rxg1 Rf7+ 85. Ke3 Kxg1 86. Ke4 Rd7 87. Ke3 Kf1 88. Kf3 Re7 89. Kg3 Rf7 90. Kg4 Kf2 91. Kg5 Kf3 92. Kg6 Rf4 93. Kg7 Kg4 94. Kg6 Rf5 95. Kh6 Rg5 96. Kh7 Kh5 97. Kh8 Kg6 98. Kg8 Rf5 99. Kh8 Rf8#) 80. Ke2 $19 Re7+ {Precision: White = 39%, Black = 62%.} 0-1

[Event "36th Balaton GM 2018"]
[Site "Balatonlelle"]
[Date "2018.06.16"]
[Round "5"]
[White "Kavutskiy, Konstantin"]
[Black "Soham Das"]
[Result "1-0"]
[WhiteElo "2397"]
[BlackElo "2355"]
[Annotator "NA"]
[PlyCount "63"]
[EventDate "2018.06.12"]
[EventType "swiss"]
[EventCountry "HUN"]
[SourceTitle "playchess.com"]
[Source "ChessBase"]
[SourceQuality "1"]
[TimeControl "40/5400+30:1800+30"]

1. e4 {[%emt 0:05:00]} c6 {[%emt 0:11:47]} 2. Nc3 {[%emt 0:00:10]} d5 {[%emt 0:00:13]} 3. Nf3 {[%emt 0:00:06]} Nf6 {[%emt 0:00:21]} 4. e5 {[%emt 0:00:07]} Ne4 {[%emt 0:00:04]} 5. Ne2 {[%emt 0:00:12]} Qb6 {[%emt 0:00:05]} 6. d4 {[%emt 0:00:06]} e6 {[%emt 0:01:51]} 7. Nfg1 {[%emt 0:01:39]} f6 {[%emt 0:01:00]} 8. f3 {[%emt 0:00:10]} Ng5 {[%emt 0:00:04]} 9. exf6 {[%emt 0:00:06]} gxf6 {[%emt 0:00:07]} 10. f4 {[%emt 0:01:06]} Ne4 {[%emt 0:05:11]} 11. Ng3 {[%emt 0:03:54]} c5 {[%emt 0:06:01]} 12. Bd3 {[%emt 0:05:17]} Nxg3 {[%emt 0:41:03]} 13. hxg3 {[%emt 0:00:23]} cxd4 {[%emt 0:02:43]} 14. Nf3 {[%emt 0:04:22]} Nc6 {[%emt 0:01:30]} 15. Bxh7 {[%emt 0:10:54]} Kd8 {[%emt 0:01:13]} 16. Rh4 {[%emt 0:02:21]} Kc7 {[%emt 0:05:10]} 17. c3 {[%emt 0:02:32]} dxc3 {[%emt 0:06:25]} 18. bxc3 {[%emt 0:00:06]} Bc5 {[%emt 0:03:36]} 19. Nd4 {[%emt 0:17:59]} Nxd4 {[%emt 0:06:37]} 20. cxd4 {[%emt 0:00:06]} Qb4+ {[%emt 0:00:32]} 21. Bd2 {[%emt 0:03:29]} Qxd4 {[%emt 0:00:07]} 22. Ba5+ {[%emt 0:00:05]} b6 {[%emt 0:01:25]} 23. Qxd4 {[%emt 0:00:06]} Bxd4 {[%emt 0:00:02]} 24. Rd1 {[%emt 0:00:30]} e5 {[%emt 0:03:06]} 25. Bb4 {[%emt 0:03:46]} Ba6 {[%emt 0:01:12]} 26. Bg6 {[%emt 0:01:37]} Bc4 {[%emt 0:01:25]} 27. Be7 {[%emt 0:04:28]} Bc3+ {[%emt 0:00:36]} 28. Kf2 {[%emt 0:00:06]} e4 {[%emt 0:00:29]} 29. Ke3 {[%emt 0:02:38]} Kd7 {[%emt 0:00:25]} 30. Ba3 {[%emt 0:00:40]} Ke6 {[%emt 0:00:30]} 31. f5+ {[%emt 0:01:20]} Ke5 {[%emt 0:00:22]} 32. Rxe4+ {[%emt 0:00:24]} 1-0

[Event "36th Balaton GM 2018"]
[Site "Balatonlelle"]
[Date "2018.06.17"]
[Round "6"]
[White "Fernandez, Daniel Howard"]
[Black "Koksal, Ege"]
[Result "1-0"]
[WhiteElo "2485"]
[BlackElo "2356"]
[Annotator "TA"]
[PlyCount "93"]
[EventDate "2018.06.12"]
[EventType "swiss"]
[EventCountry "HUN"]
[SourceTitle "playchess.com"]
[Source "ChessBase"]
[SourceQuality "1"]

{[%evp 12,93,-14,-9,-7,-15,-32,-48,-16,-41,-12,-16,-10,-14,-20,-29,-37,-33,25,31,80,79,77,91,151,136,200,198,198,207,246,245,238,234,257,259,247,254,291,283,283,255,322,314,361,356,409,418,478,453,441,396,693,678,670,652,1687,1631,1520,1404,12836,12837,12837,12837,12840,12841,12841,12841,12841,12840,12844,12844,12845,12843,12843,12842,12843,12843,12846,12847,12847,12847,12848,12848]} 1. e4 e5 2. Nc3 Nc6 3. f4 exf4 4. d4 Qh4+ 5. Ke2 d6 6. Nf3 Bg4 7. Bxf4 {LiveBook: 17 Games. C25: Vienna Game: Alternatives to 2...Nf6} g6 $146 ({Predecessor:} 7... O-O-O 8. Ke3 Qh5 9. Be2 Nf6 10. h3 Bxf3 11. Bxf3 Qa5 12. Ke2 d5 13. exd5 Nb4 14. Bg5 Be7 15. Bxf6 Bxf6 {0-1 (54) Moussard,J (2475)-Guliyev,N (2552) Paris 2015}) 8. Nd5 O-O-O $1 9. c3 {Black is slightly better.} Re8 10. h3 f5 11. Kd2 Bxf3 $1 12. Qxf3 fxe4 13. Qg4+ $1 Qxg4 14. hxg4 Nce7 ({Black should play} 14... Nd8 $15) 15. Bc4 $11 Nxd5 16. Bxd5 Bg7 {Threatening ...Nf6.} 17. g5 h6 {[#]} (17... c6 $142 18. Bxg8 Rexg8) 18. Raf1 $1 $16 hxg5 (18... h5 $16 {keeps fighting.} 19. Bg3 Ne7 20. Bxe4 Rhf8) 19. Rxh8 $18 (19. Bxg5 $6 Rxh1 20. Rxh1 Kb8 $16) 19... Bxh8 20. Bxg5 Kb8 {[#]} 21. Bxe4 $1 {[%mdl 512]} Bf6 (21... Rxe4 22. Rf8+) 22. Bxf6 Rxe4 {[%mdl 4096] Endgame KRB-KRN} 23. Bg5 {Rf8+ would kill now.} Re8 24. Rf7 b5 25. Rg7 Kb7 26. b3 ({Don't take} 26. Rxg6 $6 Kc6 $16) 26... Kc6 27. Kd3 ({Weaker is} 27. Rxg6 Ne7 $16) 27... a5 28. a4 ({Less strong is} 28. Rxg6 Ne7 $18) 28... bxa4 29. bxa4 Kb6 30. Rxg6 Kc6 31. c4 {[%cal Bc3c4,Bc4c5][%mdl 32]} Kb6 $2 (31... Kb7 32. Rg7 Rf8) 32. c5+ {White is clearly winning.} Kc6 33. Kc4 Kd7 34. cxd6 cxd6 35. Kd5 Ne7+ 36. Bxe7 $1 Rxe7 {KR-KR} 37. g4 Re1 38. Rg7+ Ke8 39. Ra7 Rg1 40. Ke6 {[%cal Ra7a8]} Kd8 41. Kxd6 {[%cal Ra7a8]} Kc8 42. Rg7 Ra1 43. Kc6 {[%cal Rg7g8]} Kd8 44. d5 {[%cal Bd4d5,Bd5d6,Bd6d7][%mdl 32]} Rxa4 45. Rg8+ Ke7 46. d6+ Kf7 {[#]} 47. d7 $1 {[%mdl 512] Precision: White = 78%, Black = 30%.} 1-0

[Event "36th Balaton GM 2018"]
[Site "Balatonlelle"]
[Date "2018.06.17"]
[Round "6"]
[White "Varga, Zoltan"]
[Black "Akshat, Khamparia"]
[Result "1/2-1/2"]
[WhiteElo "2470"]
[BlackElo "2403"]
[Annotator "TA"]
[PlyCount "29"]
[EventDate "2018.06.12"]
[EventType "swiss"]
[EventCountry "HUN"]
[SourceTitle "playchess.com"]
[Source "ChessBase"]
[SourceQuality "1"]

{[%evp 15,16,8,14]} 1. e4 e5 2. Nf3 Nc6 3. d4 exd4 4. Nxd4 Bc5 5. Nb3 Bb6 6. Nc3 d6 7. Qe2 Nge7 {C45: Scotch Game} 8. Be3 O-O {LiveBook: 74 Games} {Predecessor:} 9. O-O-O $146 f5 10. exf5 Bxf5 11. h3 Bd7 12. Qd2 Bxe3 13. Qxe3 Kh8 14. Bd3 Qe8 15. f4 {1-0 (31) Radjabov,T (2784)-Tomashevsky,E (2738) Moscow 2012} 1/2-1/2

[Event "36th Balaton GM 2018"]
[Site "Balatonlelle"]
[Date "2018.06.17"]
[Round "6"]
[White "Horvath, Dominik"]
[Black "Czebe, Attila"]
[Result "0-1"]
[WhiteElo "2433"]
[BlackElo "2419"]
[Annotator "TA"]
[PlyCount "66"]
[EventDate "2018.06.12"]
[EventType "swiss"]
[EventCountry "HUN"]
[SourceTitle "playchess.com"]
[Source "ChessBase"]
[SourceQuality "1"]

{[%evp 17,66,15,22,0,54,0,0,0,0,0,0,0,20,12,96,-27,-22,-43,-35,-100,-85,-110,-77,-143,-74,-164,-93,-137,-140,-156,-131,-143,-143,-143,-145,-251,-252,-330,-318,-423,-412,-645,-644,-629,-638,-635,-635,-512,-515,-664,-638]} 1. Nf3 b6 2. e4 Bb7 3. Nc3 e6 4. d4 Bb4 5. Bd3 Nf6 6. Qe2 d5 7. exd5 Qxd5 8. O-O {B00: Queen's Fianchetto Defence, Nimzowitsch Defence} Bxc3 9. bxc3 Nbd7 {LiveBook: 5 Games} 10. Bf4 {The position is equal.} (10. c4 Qh5 11. Bf4 Rc8 12. a4 a5 13. Rab1 O-O 14. Rb5 c5 15. dxc5 Rxc5 {0-1 (29) Eljanov,P (2734)-Carlsen,M (2827) Douglas 2017}) 10... O-O (10... Qh5 $11) 11. Bxc7 $146 (11. c4 $14 Qc6 12. h3) ({Predecessor:} 11. Rfe1 Qh5 12. Ne5 Qxe2 13. Rxe2 Rac8 14. a4 c5 15. Nxd7 Nxd7 16. Bb5 Rfd8 17. Bg5 Nf6 18. Bxf6 gxf6 {0-1 (40) Reuter,R (2000)-Grabmeier,J (1929) Fuerth 2015}) 11... Qc6 $11 12. Bg3 Qxc3 13. Rfd1 Rac8 14. a4 Bd5 15. Bd6 Rfe8 (15... Rfd8 $11) 16. Ra3 (16. Ne5 $1 $16) 16... Qc6 17. Bg3 Bc4 18. Ne1 (18. c3 $15) 18... Bxd3 19. Qxd3 Red8 20. Qb5 (20. Bh4 $142) 20... h6 ({Black should play} 20... a5 21. Qe2 Qc4) 21. Rb1 {[#]} (21. Rc1 $17 {is a better defense.}) 21... Ne4 (21... a5 $1 $19 22. Qd3 {[#]} Nc5 $1 {[%mdl 512]}) 22. Rbb3 Ndf6 23. Be5 Ng4 24. a5 {[%cal Ra5b6]} Qxb5 25. Rxb5 Nxe5 26. dxe5 (26. Rxe5 $17 Rxd4 27. axb6 axb6 28. g3) 26... Rd1 $19 {[%cal Rd1e1]} 27. Re3 Nc3 28. Rb2 bxa5 29. Rb7 (29. Kf1 $142 a4 30. Rb7) 29... Nd5 {Black is clearly winning.} 30. Re4 {[#]} Rc4 $1 {[%mdl 512]} 31. Re2 {[#]} (31. Rxc4 Rxe1#) 31... Rxc2 $1 {[%mdl 512]} 32. Kf1 (32. Rxc2 Rxe1#) 32... Rcc1 33. f3 Nb4 {Precision: White = 20%, Black = 47%.} 0-1

[Event "36th Balaton GM 2018"]
[Site "Balatonlelle"]
[Date "2018.06.17"]
[Round "6"]
[White "McPhillips, Joseph"]
[Black "Nagy, Bence"]
[Result "1/2-1/2"]
[WhiteElo "2399"]
[BlackElo "2354"]
[Annotator "NA"]
[PlyCount "109"]
[EventDate "2018.06.12"]
[EventType "swiss"]
[EventCountry "HUN"]
[SourceTitle "playchess.com"]
[Source "ChessBase"]
[SourceQuality "1"]
[TimeControl "40/5400+30:1800+30"]

1. e4 {[%emt 0:04:29]} c5 {[%emt 0:00:52]} 2. Nf3 {[%emt 0:00:05]} d6 {[%emt 0:00:14]} 3. d4 {[%emt 0:00:05]} cxd4 {[%emt 0:00:08]} 4. Qxd4 {[%emt 0:00:04]} e5 {[%emt 0:04:49]} 5. Bb5+ {[%emt 0:01:32]} Nc6 {[%emt 0:03:56]} 6. Qd3 {[%emt 0:01:37]} Be7 {[%emt 0:05:19] B53: Sicilian: 2...d6: Lines with Qxd4} 7. c4 {[%emt 0:02:04]} (7. O-O a6 8. Bxc6+ bxc6 9. Rd1 Qc7 10. c4 Bg4 11. h3 Bxf3 12. Qxf3 Nf6 13. Nc3 O-O 14. b3 Rfd8 15. Bg5 Ne8 16. Bxe7 Qxe7 17. Rd3 Nc7 18. Rad1 Ne6 {½-½ (18) Yandemirov,V (2423)-Mikhaletz,L (2428) Alushta 2013}) 7... Nf6 {[%emt 0:01:01]} 8. h3 {[%emt 0:02:49]} O-O {[%emt 0:00:57]} 9. O-O {[%emt 0:00:04]} Be6 {[%emt 0:01:40]} 10. Nc3 {[%emt 0:05:39]} Nb4 {[%emt 0:11:24]} 11. Qe2 {[%emt 0:00:17]} a6 {[%emt 0:01:10]} 12. Ba4 {[%emt 0:00:07]} Qc7 $146 {[%emt 0:01:39]} ({Predecessor:} 12... Rc8 13. Bb3 Qc7 14. a3 {0-1 (48) Podolsky,A (2270)-Doluhanova,E (2287) Chervonograd 2012}) 13. Bb3 {[%emt 0:07:27]} a5 {[%emt 0:03:17]} 14. Rd1 {[%emt 0:06:22]} Rac8 {[%emt 0:03:29]} 15. a3 {[%emt 0:06:13]} Na6 {[%emt 0:00:53]} 16. Nb5 {[%emt 0:00:09]} Qb8 {[%emt 0:03:03]} 17. Bg5 {[%emt 0:04:36]} Rc6 {[%emt 0:05:42]} 18. Rac1 {[%emt 0:04:28]} Rfc8 {[%emt 0:03:44]} 19. Be3 {[%emt 0:01:51]} Nc5 {[%emt 0:07:12]} 20. Bc2 {[%emt 0:00:29]} a4 {[%emt 0:05:41]} 21. Nd2 {[%emt 0:05:12]} Qa8 {[%emt 0:02:23]} 22. Nc3 {[%emt 0:04:24]} Nb3 {[%emt 0:01:56]} 23. Bxb3 {[%emt 0:07:13]} axb3 {[%emt 0:00:22]} 24. Nb5 {[%emt 0:00:09]} b6 {[%emt 0:01:17]} 25. Qf1 {[%emt 0:07:25]} Qa6 {[%emt 0:02:51]} 26. a4 {[%emt 0:05:44]} h6 {[%emt 0:02:51]} 27. a5 {[%emt 0:04:07]} bxa5 {[%emt 0:00:45]} 28. Na7 {[%emt 0:00:17]} a4 {[%emt 0:00:42]} 29. f3 {[%emt 0:01:30]} Nd7 {[%emt 0:01:56]} 30. Nxc6 {[%emt 0:01:35]} Rxc6 {[%emt 0:00:42]} 31. Qf2 {[%emt 0:01:53]} Nc5 {[%emt 0:03:04]} 32. Qe2 {[%emt 0:01:39]} Nd7 {[%emt 0:04:41]} 33. Qf2 {[%emt 0:00:02]} Bd8 {[%emt 0:00:35]} 34. Kh2 {[%emt 0:03:46]} Bb6 {[%emt 0:03:35]} 35. Nb1 {[%emt 0:00:26]} Bxe3 {[%emt 0:00:55]} 36. Qxe3 {[%emt 0:00:02]} Bxc4 {[%emt 0:01:05]} 37. Na3 {[%emt 0:01:55]} Nb6 {[%emt 0:02:09]} 38. Qc3 {[%emt 0:01:57]} Qc8 {[%emt 0:00:55]} 39. Qa5 {[%emt 0:03:58]} d5 {[%emt 0:03:51]} 40. Rc3 {[%emt 0:00:00]} d4 {[%emt 0:01:46]} 41. Rcc1 {[%emt 0:04:17]} Be2 {[%emt 0:03:56]} 42. Rxc6 {[%emt 0:03:03]} Qxc6 {[%emt 0:00:27]} 43. Rd2 {[%emt 0:00:01]} d3 {[%emt 0:00:52]} 44. Qxe5 {[%emt 0:00:02]} Nc4 {[%emt 0:00:59]} 45. Nxc4 {[%emt 0:04:38]} Qxc4 {[%emt 0:00:02]} 46. Qd6 {[%emt 0:00:17]} h5 {[%emt 0:02:04]} 47. h4 {[%emt 0:05:45]} g6 {[%emt 0:00:38]} 48. Qb8+ {[%emt 0:01:07]} Kg7 {[%emt 0:02:50]} 49. Qe5+ {[%emt 0:00:12]} Kf8 {[%emt 0:01:44]} 50. Qd6+ $11 {[%emt 0:01:14]} Ke8 {[%emt 0:00:15]} 51. Kg3 {[%emt 0:01:17]} Qc1 {[%emt 0:05:05]} 52. Qe5+ {[%emt 0:02:21]} Kf8 {[%emt 0:00:41]} 53. Qh8+ {[%emt 0:00:02]} Ke7 {[%emt 0:00:07]} 54. Qe5+ {[%emt 0:00:02]} Kf8 {[%emt 0:00:06]} 55. Qh8+ {[%emt 0:00:03]} 1/2-1/2